Movies Quiz

Random Movies or James Bond Quiz

James Bond Movies: Oldest to Newest Quiz Stats

Quiz Updated Dec 8, 2017

Also try: 007 In Other Words
Challenge
Share
Tweet
Embed
Score 0/24 Timer 04:00
6 Plays Today
% Correct
???
81.3%
???
62.8%
???
59.4%
???
57.1%
???
50.8%
???
45%
???
40.7%
???
38.5%
???
36.6%
???
35.8%
???
35.5%
???
31.5%
% Correct
???
28.2%
???
27.2%
???
26.2%
???
25.3%
???
23.9%
???
22.9%
???
21.6%
???
21.3%
???
19.7%
???
19.3%
???
19.2%
???
19%

You're not logged in!

Compare scores with friends on all Sporcle quizzes.
Sign Up with Email
OR
Log In

You Might Also Like...

Show Comments

Extras

Top Quizzes Today


Score Distribution

Your Account Isn't Verified!

In order to create a playlist on Sporcle, you need to verify the email address you used during registration. Go to your Sporcle Settings to finish the process.

Report this User

Report this user for behavior that violates our Community Guidelines.

Details: